LIBRARY & INFORMATION CENTRE, KCAET, TAVANUR

ONLINE PUBLIC ACCESS CATALOGUE (OPAC)

Handbook of heat treatment of steels / (Record no. 12960)

MARC details
000 -LEADER
fixed length control field 00418cam a2200157ua 4500
041 ## - LANGUAGE CODE
Language code of text/sound track or separate title eng
100 ## - MAIN ENTRY--AUTHOR NAME
Personal name Prabhudev, K.H .
245 ## - TITLE STATEMENT
Title Handbook of heat treatment of steels /
260 ## - PUBLICATION, DISTRIBUTION, ETC. (IMPRINT)
Place of publication New Delhi :
Name of publisher Tata Mc-Graw Hill Publishing Company ,
Year of publication 2005.
300 ## - PHYSICAL DESCRIPTION
Number of Pages ; .
942 ## - ADDED ENTRY ELEMENTS (KOHA)
Koha item type Books
Holdings
Withdrawn status Lost status Damaged status Home library Current library Date acquired Full call number Accession Number Koha item type
      KAUAET KAUAET 07/04/2012 672.36 PRA/HA 21252 Books
free website counter